Az asthma bronchiale diagnosztikája és gyógyszeres kezelése felnőttkorban – összefoglaló gondolatok az új finanszírozási eljárásrend margójára

Elmentve itt :
Bibliográfiai részletek
Szerzők: Keglevich András
Sánta Balázs
Horváth Alpár
Bogos Krisztina
Gálffy Gabriella
Horváth Ildikó
Müller Veronika
Pálföldi Regina
Szalai Zsuzsanna
Tamási Lilla
Dokumentumtípus: Cikk
Megjelent: 2024
Sorozat:MEDICINA THORACALIS (BUDAPEST) 77 No. 2
Tárgyszavak:
mtmt:34880329
Online Access:http://publicatio.bibl.u-szeged.hu/35270
LEADER 01108nab a2200301 i 4500
001 publ35270
005 20241203143938.0
008 241203s2024 hu o 000 hun d
022 |a 0238-2571 
024 7 |a 34880329  |2 mtmt 
040 |a SZTE Publicatio Repozitórium  |b hun 
041 |a hun 
100 1 |a Keglevich András 
245 1 3 |a Az asthma bronchiale diagnosztikája és gyógyszeres kezelése felnőttkorban – összefoglaló gondolatok az új finanszírozási eljárásrend margójára  |h [elektronikus dokumentum] /  |c  Keglevich András 
260 |c 2024 
300 |a 75-83 
490 0 |a MEDICINA THORACALIS (BUDAPEST)  |v 77 No. 2 
650 4 |a Klinikai orvostan 
700 0 1 |a Sánta Balázs  |e aut 
700 0 1 |a Horváth Alpár  |e aut 
700 0 1 |a Bogos Krisztina  |e aut 
700 0 1 |a Gálffy Gabriella  |e aut 
700 0 1 |a Horváth Ildikó  |e aut 
700 0 1 |a Müller Veronika  |e aut 
700 0 1 |a Pálföldi Regina  |e aut 
700 0 1 |a Szalai Zsuzsanna  |e aut 
700 0 1 |a Tamási Lilla  |e aut 
856 4 0 |u http://publicatio.bibl.u-szeged.hu/35270/1/Azasthmabronchialediagnosztikaja....pdf  |z Dokumentum-elérés